| 000 | 00610nam a2200133Ia 4500 | ||
|---|---|---|---|
| 008 | 171212s9999 xx 000 0 und d | ||
| 020 | _a9780833039569 | ||
| 100 | _aLara-Cinisomo, Sandraluz;Steinberg, Paul | ||
| 245 |
_cLara-Cinisomo, Sandraluz;Steinberg, Paul _aMeeting Funder Compliance _bA Case Study of Challenges, Time Spent, and Dollars Invested |
||
| 260 |
_bRAND Corporation _c2006 |
||
| 650 | _aManagement & Organizational Behavior | ||
| 650 | _aNonprofit organizations -- Management -- Case studies; Nonprofit organizations -- Finance -- Case studies | ||
| 856 | _uwww.jstor.org/stable/10.7249/mg505rc | ||
| 999 |
_c352317 _d352317 |
||